1148 1893 1378 1219 1951 1667 1645 1185 1236 1448 1170 1569 1542 1464 1590 1787 1785 1446 1084 1724 1471 1142 1484 1215 1915 1838 1981 1627 1730 1037 1270 1057 1502 1217 1169 1621 1331 1755 1091 1536 1633 1089 1780 1136 1808 1829 1997 1133 1389 1085 1291 1198 1469 1439 1924 1566 1347 1170 1372 1636 1479 1257 1350 1976 1742 1297 1767 1656 1448 1796 1068 1928 1016 1543 1403 1568 1643 1359 1216 1732 1394 1991 1524 1396 1741 1342 1554 1226 1367 1960 1949 1653 1352 1585 1346 1527 1346 1901 1163 BCNSPRNW ULIB Ver.6.0+V

เปลี่ยนเป็นภาษาไทย

Change to English
 แสดงรายละเอียดบรรณานุกรม
  กลับหน้าหลัก

Brief Record : Get Marc (ISO 2709) : E-mail record : QR code < ปิดหน้าต่าง
LEADER : 00000nam 2200000uu 4500
001    13399121668
003     ULIB
008    121129s2547||||th 000 0 tha d
020    ^a9789748317625
060 04 ^aWS105.5^bช541ร
100 0  ^aคิวโทกุ, ชิเงโมริ
245 10 ^aโรคแม่ทำ /^cโดย ชิเงโมริ คิวโทกุ ; แปล/เรียบเรียงโดย สมอาจ วงษ์ขมทอง
250    ^aพิมพ์ครั้งที่ 9
260    ^aกรุงเทพฯ :^bหมอชาวบ้าน,^c2547
300    ^a163 หน้า :^bภาพประกอบ
650  2 ^aFamily Relations
650  2 ^aParent-Child Relations
700 00 ^aสมอาจ วงษ์ขมทอง,^eผู้แปล
945    ^p120^l0^i15204
995    ^aวิภา
999 ^a ใช้งานได้ทุกระบบ
รายการนี้ยังไม่มีแท็ก
คุณยังไม่ได้ล็อกอิน คุณสามารถมีกิจกรรมร่วมกับเว็บไซต์ได้ แต่ต้องล็อกอินก่อน ::
  ล็อกอิน

รายการสื่อสารสนเทศ

ลำดับที่ ประเภท เลขเรียก/บาร์โค้ด สถานที่ สถานะ
1. วิทยาศาสตร์การแพทย์ และสุขภาพ
วิทยาศาสตร์การแพทย์ และสุขภาพ
WS105.5 ช541ร  
  Barcode: 15204
ห้องสมุดวิทยาเขตสวรรค์ประชารักษ์
►หนังสือทั่วไป
บนชั้น

รายการใกล้เคียง
    ผู้แต่ง [คิวโทกุ, ชิเงโมริ]

    หัวเรื่อง [Family Relations]
    หัวเรื่อง [Parent-Child Relations]

BibComment


ยังไม่เคยถูกคอมเมนท์

คอมเมนท์ทรัพยากรรายการนี้
  คอมเมนท์: โรคแม่ทำ โดย ชิ..


 Copyright 2026. Bcnsprnw @Library